| 000 | 00916cam a2200265 a 4500 | ||
|---|---|---|---|
| 001 | 000019900 | ||
| 005 | 20200929170201.0 | ||
| 008 | 800613s1970 sp 000 0 spa d | ||
| 040 |
_aDO-SdBNP _bspa _cLC _dBNPHU |
||
| 042 | _apremarc | ||
| 050 | 0 | 0 |
_aDK266 _b.R53 1935 |
| 082 |
_ann* _bR586m |
||
| 100 | 1 |
_aRíos y Urruti, Fernando de los, _d1879-1949. _942450 |
|
| 245 | 1 | 0 |
_aMi viaje a la Rusia sovietista / _cFernando de los Ríos. |
| 260 |
_aMadrid : _bAlianza, _c1970. |
||
| 300 |
_a256, [4] p. ; _c19cm. |
||
| 490 | 1 |
_aEl Libro de Bolsillo. Humanidades _v235 |
|
| 651 | 0 |
_aSoviet Union _xSocial Conditions. _942451 |
|
| 651 | 0 |
_aSoviet Union _xPolitics And Government _y1917-1936. _942452 |
|
| 651 | 0 |
_aSoviet Union _xEconomic Policy. _942453 |
|
| 650 | 0 |
_aCommunism _zSoviet Union. _942454 |
|
| 830 | 3 |
_aEl Libro de Bolsillo _pHumanidades _v235 _98845 |
|
| 910 | _aCatalogación derivada / LC | ||
| 049 | _aBNGR | ||
| 999 |
_c19413 _d19413 |
||